Klinický obraz primárnej hyperparatyreózy a jeho vplyv na diagnostiku

Bibliographic Details
Main Authors: Kamenický, Peter (Author), Hnilica, Peter, 1939- (Author), Podoba, Ján, 1956- (Author), Štekláč, Juraj (Author), Trejbalová, Ľudmila (Author), Belan, Víťazoslav (Author)
Format: Article
Language:Slovak
PhysicalDescription:Tab.
ISSN:0457-4214
Subjects:

MARC

LEADER 00000nab a2200000 a 4500
001 vtls000848273
003 SK-MaSNL
005 20260304223113.0
008 250429c2003 xo 0 slo
015 |a SNBRB2003/10-27958 
035 |a CLN000199928 
035 |a urn:nbn:sk:snk-ab6m80 
035 |a (uuid)c46e2f01-6b60-44c9-9cee-412f186320ec 
035 |a (urnnbn)urn:nbn:sk:snk:ar-005h7r 
035 |a (sysno)vtls000848273 
040 |a SNKBUCL  |b slo  |c SNKBUCL  |e AACR2 
041 0 |a slo 
044 |a xo  |c SK 
080 |a 616.447-008.61-07  |2 1997 
080 |a 616.71-007.23  |2 1997 
080 |a 616.62-003.7  |2 1997 
245 0 0 |a Klinický obraz primárnej hyperparatyreózy a jeho vplyv na diagnostiku  |c Peter Kamenický ... [et al.] 
246 1 1 |a Clinical picture of primary hyperparathyroidism and its impact on diagnostic 
300 |b Tab. 
504 |a Res. angl., slov. 
504 |a Bibliogr. odkazy 
650 0 7 |a primárna hyperparatyreóza  |2 snkbucl  |9 236997 
650 0 7 |a urolitiáza  |2 snkbucl  |9 13470 
650 0 7 |a osteoporóza  |2 snkbucl  |9 953 
650 0 7 |a hyperkalciémia  |2 snkbucl  |9 23502 
655 7 |a články z novín a časopisov  |2 snkbucl  |9 267496 
700 1 |a Kamenický, Peter  |4 aut  |9 865576 
700 1 |a Hnilica, Peter,  |d 1939-  |4 aut  |9 111388 
700 1 |a Podoba, Ján,  |d 1956-  |4 aut  |9 218240 
700 1 |a Štekláč, Juraj  |4 aut  |9 843785 
700 1 |a Trejbalová, Ľudmila  |4 aut  |9 843796 
700 1 |a Belan, Víťazoslav  |4 aut  |9 493757 
773 0 |t Lekársky obzor  |g Roč. 52, č. 1 (2003), s. 18-21  |x 0457-4214 
850 |a Slovenská národná knižnica 
852 |a Slovenská národná knižnica 
954 |a odborná, vedecká literatúra pôvodná (slovenská)  |2 lita 
958 |a article2022 
958 |a OND 
958 |a NB 
958 |a MI 
958 |a EUIPO 
992 |a RBX 
999 |c 3166404  |d 3168334